000 00467nam a2200181Ia 4500
003 GCL
008 140319s9999 xx 000 0 eng d
040 _aGCL /
_cGCL
082 0 4 _a592
_bP L
100 1 _aPRASAD, S.N
245 1 0 _aLIFE OF INVERTEBRATES /
_cPRASAD, S.N
260 _aالهند :
_bVIKAS PUBLISHING HOUSE PVT. LTD ،
_c1992
300 _a968 P ؛
_c24 cm.
650 0 4 _aINVERTEBRATES
650 0 4 _aZOOLOGY
650 0 4 _aPHYLUM
942 _2ddc
_cBK
999 _c20607
_d20607